Class field theory /

Guardado en:
Autor Principal: Artin, Emil, 1898-1962.
Otros Autores: Tate, John Torrence, 1925-
Formato: Libro
Idioma:English
Publicado: New York : W. A. Benjamin, 1967 [i.e. 1968]
Etiquetas: Agregar Etiqueta
Sin Etiquetas, Sea el primero en etiquetar este registro!
LEADER 00654nam a22001815a 4500
001 MAT.inmabb002223
008 731207s1968####nyu###########000#0#eng#d
005 20130227120654.0
245 1 0 |a Class field theory /  |c E. Artin and J. Tate. 
260 |a New York :  |b W. A. Benjamin,  |c 1967 [i.e. 1968] 
300 |a xxvi, 259 p. ;  |c 23 cm. 
500 |a "A chunk of the notes of the Artin-Tate seminar on class field theory given at Princeton University in 1951-52." 
510 4 |a MR,  |c 36 #6383 
100 1 |a Artin, Emil,  |d 1898-1962. 
700 1 |a Tate, John Torrence,  |d 1925- 
084 |a 11R37  |2 msc2000 
010 |a  67031216  
859 |h 11  |i Ar791c  |p A-3891  |b BIB. MATEMATICA